000 003380000a22001450004500
003 MACL
040 _aMACL
090 _c49210
_d49208
100 _aAgarwal.Amit
245 _aA Textbook of Integral Calculus For JEE Main & Advanced
260 _aMeerut
_bArihant Prakashan
_c2012
350 _a340
650 _aMath
942 _cBOOK
_k510
999 _c48689
_d48689